[Event "Avoine op 31st"]
[Site "Avoine"]
[Date "2016.07.23"]
[Round "1"]
[White "Sally, Paul Adrien"]
[Black "Doluhanova, Evgeniya"]
[Result "0-1"]
[WhiteElo "2007"]
[BlackElo "2269"]
[PlyCount "72"]
[EventDate "2016.07.23"]
[EventType "swiss"]
[EventRounds "9"]
[EventCountry "FRA"]
[SourceTitle "CBM 173 Extra"]
[Source "ChessBase"]
[SourceDate "2016.08.29"]
[SourceVersion "1"]
[SourceVersionDate "2016.08.29"]
[SourceQuality "1"]

1. d4 Nf6 2. c4 e6 3. Nf3 Bb4+ 4. Nbd2 d5 5. e3 0-0 6. Be2 b6 7. a3 Bd6 8. 0-0 Bb7 9. b4 dxc4 10. Nxc4 Nc6 11. Bb2 a5 12. b5 Ne7 13. Nfe5 Ng6 14. f4 Bxe5 15. fxe5 Ne4 16. Qc2 Ng5 17. Nd2 Rc8 18. Nf3 c5 19. bxc6 Bxc6 20. Qd1 Ne4 21. Rc1 Bd5 22. Qd3 Rxc1 23. Rxc1 Nh4 24. a4 f5 25. Ba3 Re8 26. Qd1 Nxf3+ 27. Bxf3 Qh4 28. Qe2 h6 29. g3 Nxg3 30. hxg3 Qxg3+ 31. Bg2 Bxg2 32. Qxg2 Qxe3+ 33. Kh2 Qxa3 34. Qg6 Qe7 35. Rc6 Qh4+ 36. Kg2 Qe4+ 0-1

[Event "Avoine op 30th"]
[Site "Avoine"]
[Date "2015.07.18"]
[Round "1"]
[White "Sally, Paul Adrien"]
[Black "Inkiov, Ventzislav"]
[Result "0-1"]
[WhiteElo "2051"]
[BlackElo "2434"]
[PlyCount "34"]
[EventDate "2015.07.18"]
[EventType "swiss"]
[EventRounds "9"]
[EventCountry "FRA"]
[SourceTitle "EXT 2016"]
[Source "ChessBase"]
[SourceDate "2015.10.08"]
[SourceVersion "1"]
[SourceVersionDate "2015.10.08"]
[SourceQuality "1"]

1. d4 Nf6 2. c4 e6 3. Nc3 Bb4 4. e3 b6 5. Nge2 Ba6 6. Qa4 c5 7. dxc5 Bxc5 8. Bd2 Bb7 9. Nf4 0-0 10. Be2 Na6 11. 0-0 Bd6 12. Qd1 Nc5 13. b3 Nce4 14. Be1 Qb8 15. Nxe4 Nxe4 16. f3 Bc5 17. Qc1 Qxf4 0-1

[Event "Paris BNP-Paribas blitz"]
[Site "Paris"]
[Date "2015.06.14"]
[Round "12"]
[White "Sally, Paul Adrien"]
[Black "Karagyozian, Edgar"]
[Result "0-1"]
[WhiteElo "2051"]
[BlackElo "2189"]
[PlyCount "59"]
[EventDate "2015.06.12"]
[EventType "swiss (blitz)"]
[EventRounds "15"]
[EventCountry "FRA"]
[SourceTitle "CBM 167 Extra"]
[Source "ChessBase"]
[SourceDate "2015.09.14"]
[SourceVersion "1"]
[SourceVersionDate "2015.09.14"]
[SourceQuality "1"]

1. d4 d5 2. c4 e6 3. Nc3 Nf6 4. cxd5 exd5 5. Bg5 c6 6. e3 Be7 7. Bd3 0-0 8. Nge2 Nbd7 9. 0-0 Re8 10. f3 Nf8 11. Qd2 Ne4 12. fxe4 Bxg5 13. e5 f6 14. h4 Bh6 15. Ng3 fxe5 16. Qf2 exd4 17. Qf7+ Kh8 18. exd4 Be3+ 19. Rf2 Be6 20. Qf3 Bxf2+ 21. Qxf2 Qxh4 22. Rf1 Ng6 23. Bxg6 hxg6 24. Nce2 g5 25. Qe3 Bg4 26. Qd3 Bxe2 27. Nxe2 Re4 28. g3 Qg4 29. Rf3 Rae8 30. Qd2 0-1

[Event "Avoine op 28th"]
[Site "Avoine"]
[Date "2013.07.24"]
[Round "5"]
[White "Sally, Paul Adrien"]
[Black "Le Goff, Ronan"]
[Result "1-0"]
[WhiteElo "2034"]
[BlackElo "2192"]
[PlyCount "121"]
[EventDate "2013.07.20"]
[EventType "swiss"]
[EventRounds "9"]
[EventCountry "FRA"]
[SourceTitle "CBM 155 Extra"]
[Source "ChessBase"]
[SourceDate "2013.08.26"]
[SourceVersion "1"]
[SourceVersionDate "2013.08.26"]
[SourceQuality "1"]

1. d4 d5 2. c4 e6 3. Nc3 Be7 4. Nf3 Nf6 5. Qc2 Nbd7 6. Bf4 c6 7. e3 0-0 8. h3 Re8 9. a3 Nf8 10. Bd3 dxc4 11. Bxc4 Nd5 12. Bh2 Bd6 13. Bxd6 Qxd6 14. 0-0 Ng6 15. Rfd1 Qe7 16. Ne5 Nxe5 17. dxe5 Qg5 18. Qe4 b6 19. f4 Qg3 20. Rd3 Bb7 21. Qf3 Qxf3 22. gxf3 Nxc3 23. bxc3 b5 24. Ba2 c5 25. Kf2 c4 26. Rd6 Kf8 27. Rad1 Rec8 28. Bb1 Bc6 29. R1d4 g6 30. e4 Ke7 31. f5 Rc7 32. Ke3 Bd7 33. f6+ Ke8 34. Bc2 Rb8 35. h4 Rbb7 36. h5 Rc5 37. hxg6 hxg6 38. f4 Rc6 39. Rd2 Rxd6 40. exd6 e5 41. Rh2 Bg4 42. fxe5 Kd7 43. Rh8 Rb6 44. Kd4 Ra6 45. Rf8 Be6 46. Kc5 Rxa3 47. Kxb5 Rxc3 48. Ba4 Ra3 49. Kb4+ Rxa4+ 50. Kxa4 c3 51. Ra8 c2 52. Rxa7+ Kd8 53. Rc7 Bg4 54. Kb3 Bf3 55. Kxc2 Bxe4+ 56. Kd2 Bd5 57. Ke3 Be6 58. Re7 Bd5 59. Kf4 Bc4 60. Kg5 Bb3 61. e6 1-0

[Event "Avoine op 28th"]
[Site "Avoine"]
[Date "2013.07.23"]
[Round "4"]
[White "Schroer, Marcel"]
[Black "Sally, Paul Adrien"]
[Result "1/2-1/2"]
[WhiteElo "2142"]
[BlackElo "2034"]
[PlyCount "118"]
[EventDate "2013.07.20"]
[EventType "swiss"]
[EventRounds "9"]
[EventCountry "FRA"]
[SourceTitle "CBM 155 Extra"]
[Source "ChessBase"]
[SourceDate "2013.08.26"]
[SourceVersion "1"]
[SourceVersionDate "2013.08.26"]
[SourceQuality "1"]

1. d4 Nf6 2. c4 g6 3. Nc3 d5 4. Bg5 Ne4 5. Bf4 Nxc3 6. bxc3 Bg7 7. e3 0-0 8. Nf3 c5 9. h3 Nc6 10. Be2 dxc4 11. Bxc4 cxd4 12. cxd4 Qa5+ 13. Qd2 Bf5 14. Qxa5 Nxa5 15. Be2 Rac8 16. Nd2 Be6 17. 0-0 Rc2 18. Rfd1 Rfc8 19. Bd3 Rb2 20. Ne4 b6 21. Rdc1 Bc4 22. Bxc4 Nxc4 23. a4 h6 24. Nc3 e5 25. Nd1 Rb4 26. dxe5 Rd8 27. Rab1 Rxa4 28. Nc3 Ra5 29. Nb5 Nxe5 30. Rc7 Nd3 31. Nxa7 Nxf4 32. exf4 Bd4 33. Nc6 Rc5 34. Kf1 Rd6 35. Nxd4 Rxc7 36. Nb5 Rcc6 37. Nxd6 Rxd6 38. Ke2 Kf8 39. Rb5 Ke7 40. Ke3 Kd7 41. h4 Kc6 42. Rb1 b5 43. Ke4 Re6+ 44. Kd3 f5 45. f3 h5 46. g4 fxg4 47. fxg4 hxg4 48. Rg1 b4 49. Rxg4 Kb5 50. h5 gxh5 51. Rg5+ Ka4 52. Rxh5 Re1 53. Rh8 Kb3 54. Rb8 Rf1 55. Ke4 Kc3 56. Rc8+ Kb2 57. f5 b3 58. Ke5 Ka2 59. f6 b2 1/2-1/2

[Event "FRA Cup qf"]
[Site "Noyon"]
[Date "2010.06.12"]
[Round "1"]
[White "Taddei, Benoit"]
[Black "Sally, Paul Adrien"]
[Result "1-0"]
[WhiteElo "2311"]
[BlackElo "1989"]
[PlyCount "103"]
[EventDate "2010.06.12"]
[EventType "team-match"]
[EventRounds "1"]
[EventCountry "FRA"]
[SourceTitle "CBM 136 Extra"]
[Source "ChessBase"]
[SourceDate "2010.07.02"]
[SourceVersion "2"]
[SourceVersionDate "2010.07.15"]
[SourceQuality "1"]

1. e4 e6 2. d4 d5 3. Nc3 Bb4 4. e5 c5 5. a3 Bxc3+ 6. bxc3 Ne7 7. Qg4 cxd4 8. Qxg7 Rg8 9. Qxh7 Qc7 10. Ne2 Nbc6 11. f4 Bd7 12. Qd3 dxc3 13. Nxc3 a6 14. Ne2 Nf5 15. h3 Na5 16. g4 Bb5 17. Qc3 Qxc3+ 18. Nxc3 Bxf1 19. Rxf1 Nd4 20. Ra2 Rc8 21. Ne2 Rxc2 22. Rxc2 Nxc2+ 23. Kd1 Na1 24. Bd2 N1b3 25. Bb4 Nc6 26. Kc2 Nba5 27. Rf3 Nc4 28. Rg3 Rh8 29. Be1 Ke7 30. Rd3 Rc8 31. Kb1 b5 32. h4 f6 33. exf6+ Kxf6 34. h5 Rg8 35. g5+ Kf5 36. h6 Rh8 37. Bc3 Nxa3+ 38. Ka2 Nc4 39. Rg3 Rh7 40. Bf6 Kg6 41. f5+ Kxf5 42. g6 Rxh6 43. g7 Rh2 44. g8Q Rxe2+ 45. Kb1 Re1+ 46. Kc2 Re2+ 47. Kd1 Rd2+ 48. Ke1 Kxf6 49. Qg7+ Kf5 50. Rf3+ Ke4 51. Qg4+ Ke5 52. Qf4# 1-0

[Event "FRA-chT2 0910"]
[Site "France"]
[Date "2009.11.22"]
[Round "4.7"]
[White "Le Port, Luc"]
[Black "Sally, Paul Adrien"]
[Result "0-1"]
[WhiteElo "1552"]
[BlackElo "1964"]
[PlyCount "76"]
[EventDate "2009.09.27"]
[EventType "team-tourn"]
[EventRounds "11"]
[EventCountry "FRA"]
[SourceTitle "EXT 2011"]
[Source "ChessBase"]
[SourceDate "2010.11.26"]
[SourceVersion "1"]
[SourceVersionDate "2010.11.26"]
[SourceQuality "1"]

1. d4 d5 2. c4 c6 3. Nc3 Nf6 4. Nf3 a6 5. a4 e6 6. h3 Nbd7 7. Bf4 Bb4 8. Qc2 Ne4 9. e3 Qa5 10. Rc1 c5 11. Bd3 Ndf6 12. cxd5 exd5 13. 0-0 Bxc3 14. bxc3 Bd7 15. Ne5 Bxa4 16. Qa2 0-0 17. Qa3 b5 18. Bxe4 Nxe4 19. Nc6 Qb6 20. Ne7+ Kh8 21. Nxd5 Qc6 22. c4 bxc4 23. Nc3 Nxc3 24. Rxc3 cxd4 25. exd4 Rfd8 26. Be3 Qb5 27. Ra1 Bb3 28. Rb1 a5 29. Rcxb3 cxb3 30. Rxb3 Qd5 31. Qa4 Rab8 32. Rc3 Rb1+ 33. Kh2 Qd6+ 34. g3 Qd5 35. Bc1 h6 36. Rc5 Qxd4 37. Qxa5 Qxf2+ 38. Kh1 Rd1+ 0-1

[Event "FRA-chT2A 0506"]
[Site "France"]
[Date "2005.10.16"]
[Round "1.8"]
[White "Sally, Paul Adrien"]
[Black "Renault, Fabien"]
[Result "0-1"]
[WhiteElo "1973"]
[BlackElo "2104"]
[PlyCount "96"]
[EventDate "2005.10.27"]
[EventType "team-tourn"]
[EventRounds "11"]
[EventCountry "FRA"]
[SourceTitle "EXT 2006"]
[Source "ChessBase"]
[SourceDate "2005.11.24"]
[SourceVersion "1"]
[SourceVersionDate "2005.11.24"]
[SourceQuality "1"]
[WhiteTeam "Tours"]
[BlackTeam "Saint Lo"]
[WhiteTeamCountry "FRA"]
[BlackTeamCountry "FRA"]

1. e4 c5 2. Nc3 a6 3. g3 b5 4. Bg2 Bb7 5. d3 Nf6 6. h4 e6 7. Nh3 d5 8. 0-0 b4 9. Ne2 dxe4 10. Bg5 Be7 11. c3 Nbd7 12. Bxf6 Nxf6 13. Ng5 Qxd3 14. Qxd3 exd3 15. Bxb7 dxe2 16. Bxa8 exf1Q+ 17. Kxf1 0-0 18. Bb7 a5 19. c4 Rd8 20. Ke2 Ng4 21. b3 Bxg5 22. hxg5 h5 23. a3 Rd7 24. Bg2 Kf8 25. axb4 axb4 26. f4 Ke7 27. Ra8 Rc7 28. Ra6 f6 29. gxf6+ gxf6 30. Ra8 Nh6 31. Bh3 Kf7 32. Rh8 Kg7 33. Re8 Nf5 34. Bxf5 exf5 35. Rd8 Ra7 36. Kd2 Ra2+ 37. Kc1 Rg2 38. Rd7+ Kg6 39. Rd8 Kf7 40. Rd3 Kg6 41. Rd8 Rh2 42. Rd3 Rh3 43. Kd2 h4 44. Ke2 Kh5 45. Rd5 Rxg3 46. Rxc5 h3 47. Rxf5+ Kg6 48. Re5 h2 0-1

[Event "Avoine op 20th"]
[Site "Avoine"]
[Date "2005.07.29"]
[Round "7"]
[White "Vingerhoets, Luc"]
[Black "Sally, Paul Adrien"]
[Result "0-1"]
[WhiteElo "2165"]
[BlackElo "1970"]
[PlyCount "74"]
[EventDate "2005.07.23"]
[EventType "swiss"]
[EventRounds "9"]
[EventCountry "FRA"]
[SourceTitle "EXT 2007"]
[Source "ChessBase"]
[SourceDate "2006.11.23"]
[SourceVersion "1"]
[SourceVersionDate "2006.11.23"]
[SourceQuality "1"]

1. e4 c5 2. d4 cxd4 3. c3 d3 4. Bxd3 d5 5. Bb5+ Nc6 6. exd5 a6 7. Ba4 b5 8. dxc6 bxa4 9. Qxa4 Qb6 10. Nf3 f6 11. 0-0 e5 12. Be3 Qxb2 13. Nbd2 Qb5 14. Qxb5 axb5 15. Rfb1 Ne7 16. Rxb5 Nxc6 17. a4 Be6 18. Nb3 0-0-0 19. h3 Bc4 20. Rb6 Kc7 21. Nfd2 Be2 22. a5 Rd3 23. a6 Rxe3 24. Rxc6+ Kxc6 25. fxe3 Bc5 26. Kf2 Bd3 27. c4 Bg6 28. Ke2 Ra8 29. e4 Bb4 30. Kd3 Kb6 31. c5+ Kc6 32. Nc4 Bxc5 33. Nca5+ Kb5 34. Nc4 Rd8+ 35. Ke2 Kxc4 36. a7 Ra8 37. Nxc5 Kxc5 0-1